| 000 | 00000nam##2200000za#4500 |
| 001 | 9.605390 |
| 003 | CaOODSP |
| 005 | 20250403105205 |
| 007 | cr ||||||||||| |
| 008 | 150406|1989||||xxc|||||o f|0| 0 fre|d |
| 040 | |aCaOODSP|bfre |
| 043 | |an-cn--- |
| 086 | 1 |aCS98-129/1989F-PDF |
| 245 | 00|aRevenu d'emploi / |h[ressource électronique]|cpar Morley Gunderson. |
| 260 | |aOttawa - Ontario : |bStatistique Canada |c1989. |
| 490 | 1 |aLe Canada à l'étude|v98-129 |
| 590 | |a13-07-Supp|b2013-03-25 |
| 691 | 07|aDonnées du recensement|2gcpds |
| 691 | 07|aSalaire|2gcpds |
| 710 | 2 |aStatistique Canada. |
| 775 | 08|tEmployment income / |w(CaOODSP)9.576030 |
| 830 | #0|aLe Canada à l'étude ;|v98-129|w(CaOODSP)9.503824 |
| 856 | 40|ahttp://publications.gc.ca|qPDF|s1.3 Mo|uhttps://publications.gc.ca/collections/collection_2013/statcan/rh-hc/CS98-129-1989-fra.pdf|y98-129 |